[Event "XXV Miedzynarodowy Festiwal Szachowy w Poznaniu - OPEN A"]
[Site "Poznan"]
[Date "2017.08.21"]
[Round "3.4"]
[White "Motyl, Tomasz"]
[Black "Sieciechowicz, Marcin"]
[Result "1/2-1/2"]
[WhiteTitle ""]
[BlackTitle ""]
[WhiteElo "2027"]
[BlackElo "2408"]

1. e4 c5 2. c3 d5 3. exd5 Qxd5 4. d4 g6 5. Be3 cxd4 6. Qxd4 Qxd4 7. Bxd4 f6 8.
Bb5+ Bd7 9. Bxd7+ Nxd7 10. f4 Nh6 11. Nf3 Nf5 12. Bf2 Bh6 13. g3 e5 14. fxe5 Nxe5
15. Nxe5 fxe5 16. Nd2 O-O-O 17. Ne4 Nd6 18. Nxd6+ Rxd6 19. O-O Rd2 20. Bxa7 Rxb2
21. Rf2 Bd2 22. Rd1 Rd8 23. Bb6 Rxb6 24. Rdxd2 Rb1+ 25. Kg2 Rxd2 26. Rxd2 Rc1
27. Kf3 Rxc3+ 28. Ke4 Rc5 29. g4 Rc4+ 30. Kxe5 Rxg4 31. Kf6 Rh4 32. Kg5 Rh5+ 33.
Kf6 Kc7 34. Ke6 Kb6 35. Kf6 Ka5 36. Kg7 b5 37. Rb2 Ka4 38. Rg2 Ka3 39. Re2 b4
40. Rg2 Rh3 41. Kf6 Rh5 42. Kg7 g5 43. Kf6 g4 44. Kg7 Rh3 45. Kf6 h5 46. Kg5 Ka4
47. Kf4 Rc3 48. Kg5 Rc5+ 49. Kh4 Ka3 50. Re2 Rd5 51. Rg2 Ka4 52. Re2 Kb5 53. Rc2
Re5 54. Kg3 Re3+ 55. Kh4 Rc3 56. Rg2 Rc5 57. Re2 Ka4 58. Rg2 Ka3 59. Re2 Rc3 60.
Rg2 Rh3+ 61. Kg5 Ka4 62. Kf4 Kb5 63. Rc2 Rf3+ 64. Kg5 Rc3 65. Rg2 Rc5+ 66. Kh4
Kc6 67. Rb2 Rb5 68. Rd2 Re5 69. Rg2 Kd5 70. Rb2 Kc4 71. Rc2+ Kd3 72. Rb2 Rb5 73.
Rb3+ Kc4 74. Rb2 Ra5 75. Rc2+ Kd3 76. Rb2 Kc3 77. Rb3+ Kc4 78. Rb2 Re5 79. Rc2+
Kb5 80. Rg2 Ka4 81. Rb2 Rc5 82. Rg2 Ka3 83. Re2 Rc3 84. Rg2 Rh3+ 85. Kg5 Ka4 86.
Kf4 Kb5 87. Kg5 Ka5 88. Kf4 Ka4 89. Kg5 Ka3 90. Kf4 g3 91. hxg3 Rh1 92. Kg5 Ra1
93. Rf2 Rxa2 94. Rf3+ b3 95. Kxh5 Rh2+ 96. Kg5 Ka2 97. Rf8 b2 98. Rb8 b1=Q 99.
Rxb1 Kxb1 100. g4 Kc2 101. Kf6 Rf2+ 102. Ke6 Rg2 103. Kf5 Kd3 104. g5 Kd4 105.
g6 Kd5 106. Kf6 Rf2+ 107. Ke7 Re2+ 108. Kf7 Kd6 109. g7 Rf2+ 110. Kg6 Rg2+ 1/2-1/2

[Event "XXV Miedzynarodowy Festiwal Szachowy w Poznaniu - OPEN A"]
[Site "Poznan"]
[Date "2017.08.21"]
[Round "3.5"]
[White "Chojnacki, Krzysztof "]
[Black "Madrawski, Krzysztof "]
[Result "1-0"]
[WhiteTitle ""]
[BlackTitle ""]
[WhiteElo "2377"]
[BlackElo "2043"]

1. d4 g6 2. c4 Bg7 3. e4 Nc6 4. Nf3 d6 5. d5 Ne5 6. Nxe5 Bxe5 7. Be2 e6 8. Qc2
f5 9. O-O fxe4 10. Qxe4 exd5 11. Qxd5 Ne7 12. Qd3 O-O 13. Nd2 Nc6 14. Nf3 Bf6
15. Qb3 Re8 16. Be3 Be6 17. Rad1 b6 18. Rfe1 Qe7 19. Qb5 Bd7 20. Qd5+ Kh8 21.
Qd2 Ne5 22. Nd4 Qf7 23. b3 Ng4 24. Bxg4 Bxg4 25. Rc1 a5 26. Nb5 Rac8 27. Bd4 Bd7
28. Nc3 Bc6 29. Nd5 Bxd5 30. cxd5 Bxd4 31. Qxd4+ Kg8 32. h3 Rxe1+ 33. Rxe1 Re8
34. Rc1 Re7 35. Rc3 Qf5 36. Qd2 Qe5 37. g3 Qe1+ 38. Qxe1 Rxe1+ 39. Kg2 Re7 40.
Kf3 Kf7 41. Re3 Rd7 42. Ke4 Ke7 43. f4 Kd8 44. h4 Rf7 45. g4 Kd7 46. a4 c6 47.
dxc6+ Kxc6 48. Rc3+ Kd7 49. f5 gxf5+ 50. gxf5 Rf8 51. Kf4 h6 52. Rg3 Rf6 53. Rg7+
Kc6 54. Rg6 Rf8 55. f6 Kc5 56. Kf5 Kb4 57. Rg3 1-0

[Event "XXV Miedzynarodowy Festiwal Szachowy w Poznaniu - OPEN A"]
[Site "Poznan"]
[Date "2017.08.21"]
[Round "3.6"]
[White "Malyovanyi, Yulian "]
[Black "Niekras, Dawid "]
[Result "0-1"]
[WhiteTitle ""]
[BlackTitle ""]
[WhiteElo "2006"]
[BlackElo "2277"]

1. e4 c5 2. Nf3 d6 3. d4 cxd4 4. Nxd4 Nf6 5. Nc3 a6 6. Bg5 Nbd7 7. f4 Qc7 8. Qf3
h6 9. Bh4 g5 10. fxg5 hxg5 11. Bxg5 Qc5 12. Qe3 Ng4 13. Qd2 Bg7 14. Nf5 Bxc3 15.
bxc3 Ndf6 16. Bd3 Bxf5 17. exf5 Rxh2 18. O-O-O Rxh1 19. Rxh1 O-O-O 20. Rh4 Rg8
21. Kb2 Ne5 22. Bxf6 exf6 23. Qe2 Rg3 24. Rd4 Qc6 25. Qe4 Nxd3+ 26. cxd3 Qxe4
27. dxe4 Rxg2+ 28. Kb3 Kc7 29. a4 a5 30. Rc4+ Kd7 31. Rd4 Re2 32. Ka3 Kc6 33.
Rc4+ Kd7 34. Rd4 Re1 35. Kb3 b6 36. Kc4 Kc6 37. Kb3 Rb1+ 38. Kc4 Re1 39. Kb3 Re3
40. Kc4 Rxe4 41. Rxe4 d5+ 42. Kd4 dxe4 43. Kxe4 Kc5 44. Kd3 b5 45. axb5 Kxb5 46.
Kd4 a4 47. Kd5 a3 48. c4+ Kb4 0-1

[Event "XXV Miedzynarodowy Festiwal Szachowy w Poznaniu - OPEN A"]
[Site "Poznan"]
[Date "2017.08.21"]
[Round "3.7"]
[White "Schmidt, Wlodzimierz "]
[Black "Bajerlein, Dawid "]
[Result "1/2-1/2"]
[WhiteTitle ""]
[BlackTitle ""]
[WhiteElo "2272"]
[BlackElo "2037"]

1. d4 Nf6 2. c4 g6 3. Nc3 Bg7 4. e4 d6 5. Nf3 O-O 6. Be2 e5 7. O-O Nc6 8. d5 Ne7
9. Ne1 Nd7 10. Nd3 f5 11. Bd2 Nf6 12. f3 f4 13. c5 g5 14. Rc1 Ng6 15. Nb5 Rf7
16. Ba5 b6 17. cxb6 cxb6 18. Be1 g4 19. Qc2 Ne8 20. fxg4 Bf6 21. Bf3 Rg7 22. Nb4
Bh4 23. Qe2 h5 24. gxh5 Bxe1 1/2-1/2

[Event "XXV Miedzynarodowy Festiwal Szachowy w Poznaniu - OPEN A"]
[Site "Poznan"]
[Date "2017.08.21"]
[Round "3.8"]
[White "Michalski, Karol "]
[Black "Polok, Kacper"]
[Result "0-1"]
[WhiteTitle ""]
[BlackTitle ""]
[WhiteElo "1992"]
[BlackElo "2249"]

1. d4 e6 2. Nf3 f5 3. c4 Nf6 4. Nc3 Bb4 5. Qb3 a5 6. a3 Bxc3+ 7. Qxc3 b6 8. b3
Bb7 9. Bb2 O-O 10. e3 d6 11. Be2 Ne4 12. Qc2 Nd7 13. Rf1 Rc8 14. O-O-O d5 15.
Ne5 Nxe5 16. dxe5 Qg5 17. Kb1 Nc5 18. b4 axb4 19. axb4 dxc4 20. Qxc4 Be4+ 21.
Kc1 Na4 22. Qxe6+ Kh8 23. h4 Qxg2 24. Ba1 c5 25. b5 c4 26. Bd4 Bd3 27. Bxd3 cxd3+
28. Kb1 d2 29. Qb3 Qe4+ 30. Ka1 Ra8 31. f3 Nc3+ 32. Kb2 Nxd1+ 33. Rxd1 Qxf3 34.
Rxd2 Qf1 35. Rd1 Qe2+ 36. Kb1 Ra5 37. Bb2 Rxb5 38. Qc2 Qxc2+ 39. Kxc2 Rc8+ 40.
Kb1 Kg8 41. e6 Kf8 42. Rd7 Rc6 43. e7+ Ke8 44. Ra7 Rc4 45. Ka2 Ra5+ 46. Rxa5 bxa5
47. h5 Rc2 0-1

[Event "XXV Miedzynarodowy Festiwal Szachowy w Poznaniu - OPEN A"]
[Site "Poznan"]
[Date "2017.08.21"]
[Round "3.9"]
[White "Zakrzewski, Marek"]
[Black "Purzycki, Jan Dawid"]
[Result "1-0"]
[WhiteTitle ""]
[BlackTitle ""]
[WhiteElo "2237"]
[BlackElo "1982"]

1. e4 e6 2. d4 d5 3. Nd2 Nf6 4. e5 Nfd7 5. Bd3 c5 6. c3 Nc6 7. Ne2 cxd4 8. cxd4
Qb6 9. Nf3 Bb4+ 10. Bd2 f6 11. exf6 Nxf6 12. O-O O-O 13. Bf4 Ne4 14. Qc2 Nf6 15.
Be5 h6 16. a3 Be7 17. Nf4 Bd7 18. Rae1 Nxe5 19. dxe5 Ne4 20. Ng6 Rf7 21. Nxe7+
Rxe7 22. Bxe4 dxe4 23. Rxe4 Rc8 24. Qd2 Bc6 25. Rb4 Qd8 26. Qxd8+ Rxd8 27. Rd4
Red7 28. Rfd1 Rxd4 29. Rxd4 Rf8 30. Nd2 Bd5 31. Ne4 Bxe4 32. Rxe4 Rc8 33. g3 Rc2
34. Rb4 b6 35. Kg2 Kf7 36. g4 Re2 37. Rb5 Ke7 38. h4 g5 39. h5 Re4 40. Kf3 Rf4+
41. Kg3 Re4 42. f3 Re2 43. a4 Kd7 44. a5 Kc6 45. axb6 axb6 46. Rb3 Rxe5 47. Rc3+
Kb7 48. f4 gxf4+ 49. Kxf4 Rb5 50. Re3 Rb4+ 51. Kg3 Rxb2 52. Rxe6 b5 53. Rxh6 b4
54. Rf6 b3 55. Rf1 Kc6 56. h6 Rd2 57. h7 Rd8 58. g5 1-0

[Event "XXV Miedzynarodowy Festiwal Szachowy w Poznaniu - OPEN A"]
[Site "Poznan"]
[Date "2017.08.21"]
[Round "3.10"]
[White "Dzwikowski, Adam "]
[Black "Raczynski, Krzysztof "]
[Result "1/2-1/2"]
[WhiteTitle ""]
[BlackTitle ""]
[WhiteElo "1975"]
[BlackElo "2208"]

1. e4 c5 2. Nf3 d6 3. Bb5+ Bd7 4. Bxd7+ Qxd7 5. c4 Nf6 6. Nc3 Nc6 7. d3 g6 8. O-O
Bg7 9. Bd2 O-O 10. Rb1 e6 11. a3 a5 12. Re1 Ng4 13. Na4 Ra6 14. b3 f5 15. Be3
e5 16. h3 fxe4 17. dxe4 Nf6 18. Nh4 g5 19. Nf5 Nd4 20. g4 Ne8 21. Bd2 Nc7 22.
Re3 b5 23. Nc3 b4 24. Ne2 Nce6 25. a4 Nf4 26. Nc1 Qe6 27. Rg3 Rf7 28. Be3 Kf8
29. f3 Ke8 30. Rb2 Kd7 31. Rh2 Qg6 32. h4 Bf6 1/2-1/2

[Event "XXV Miedzynarodowy Festiwal Szachowy w Poznaniu - OPEN A"]
[Site "Poznan"]
[Date "2017.08.21"]
[Round "3.11"]
[White "Koitka, Jakub"]
[Black "Kus, Aleksander"]
[Result "1/2-1/2"]
[WhiteTitle ""]
[BlackTitle ""]
[WhiteElo "2144"]
[BlackElo "2012"]

1. d4 Nf6 2. c4 g6 3. Nc3 Bg7 4. e4 d6 5. f3 O-O 6. Be3 c5 7. d5 e6 8. dxe6 fxe6
9. e5 dxe5 10. Bxc5 Re8 11. Qxd8 Rxd8 12. Be7 Rd7 13. Bxf6 Bxf6 14. Rd1 Nc6 15.
Bd3 Bd8 16. Be4 Nd4 17. Nge2 Bb6 18. Na4 Ba5+ 19. Kf2 Rc7 20. Nxd4 exd4 21. b3
Bd7 22. Nb2 Rac8 23. Nd3 Bc3 24. h4 b5 25. c5 b4 26. h5 g5 27. h6 Bb5 28. c6 Bxc6
29. Rh5 Bxe4 30. fxe4 Rf8+ 31. Ke2 Rf6 32. Rxg5+ Rg6 33. Rxg6+ hxg6 34. Nf4 Kh7
35. Rh1 Re7 36. Kd3 g5 37. Nh5 Kxh6 38. Nf6+ Kg7 39. e5 Kg6 40. g4 Rb7 41. Rh8
Rb5 42. Rg8+ Kh6 43. Rh8+ 1/2-1/2

[Event "XXV Miedzynarodowy Festiwal Szachowy w Poznaniu - OPEN A"]
[Site "Poznan"]
[Date "2017.08.21"]
[Round "3.12"]
[White "Zadymov, Ihor"]
[Black "Simon, Marek "]
[Result "1-0"]
[WhiteTitle ""]
[BlackTitle ""]
[WhiteElo "2089"]
[BlackElo "1837"]

1. d4 Nf6 2. Nf3 e6 3. Bg5 d5 4. e3 h6 5. Bh4 Be7 6. Bd3 O-O 7. O-O b6 8. Nbd2
Ba6 9. Bxa6 Nxa6 10. Ne5 Nb8 11. f4 Ne4 12. Bxe7 Qxe7 13. Nxe4 dxe4 14. f5 Qg5
15. fxe6 Qxe3+ 16. Kh1 fxe6 17. Rxf8+ Kxf8 18. Qf1+ Kg8 19. Qf7+ Kh7 20. Qg6+
Kh8 21. Qe8+ Kh7 22. Rf1 Qxd4 23. Qg6+ Kg8 24. Rf8+ 1-0

[Event "XXV Miedzynarodowy Festiwal Szachowy w Poznaniu - OPEN A"]
[Site "Poznan"]
[Date "2017.08.21"]
[Round "3.13"]
[White "Malaczek, Mateusz"]
[Black "Nowak, Mikolaj "]
[Result "0-1"]
[WhiteTitle ""]
[BlackTitle ""]
[WhiteElo "1950"]
[BlackElo "2076"]

1. c4 c6 2. Nf3 Nf6 3. g3 d5 4. d4 Bf5 5. Bg2 e6 6. O-O Bd6 7. Nc3 h6 8. Re1 Nbd7
9. Qb3 Qb8 10. cxd5 exd5 11. e4 dxe4 12. Nxe4 Bxe4 13. Nd2 O-O 14. Nxe4 Nxe4 15.
Bxe4 Nf6 16. Bc2 Qc7 17. Qf3 Nd5 18. Re4 f5 19. Rh4 Rf6 20. Rh5 Raf8 21. Bd2 Qf7
22. Re1 f4 23. Qg4 fxg3 24. fxg3 Rf1+ 25. Kg2 Rxe1 0-1

[Event "XXV Miedzynarodowy Festiwal Szachowy w Poznaniu - OPEN A"]
[Site "Poznan"]
[Date "2017.08.21"]
[Round "3.14"]
[White "Bednarska-bzdega, Malgorzata "]
[Black "Zakrzewski, Bartosz"]
[Result "1-0"]
[WhiteTitle ""]
[BlackTitle ""]
[WhiteElo "2047"]
[BlackElo "1554"]

1. e4 c5 2. Nf3 e6 3. d4 cxd4 4. Nxd4 Nc6 5. Nc3 Qc7 6. Be2 a6 7. O-O Nf6 8. Kh1
Nxd4 9. Qxd4 Bc5 10. Qd3 b5 11. f4 Bb7 12. Bf3 h5 13. e5 Ng4 14. Bxb7 Qxb7 15.
Ne4 Rc8 16. Bd2 Be7 17. Rac1 Rc4 18. Nd6+ Bxd6 19. Qxd6 Qc6 20. Qb8+ Qc8 21. Qxc8+
Rxc8 22. Bb4 Ne3 23. Rf3 Nd5 24. Bd6 f6 25. c3 Kf7 26. Rcf1 f5 27. g3 g6 28. Kg2
a5 29. R1f2 Rc6 30. Rd3 Rhc8 31. Kf3 b4 32. cxb4 axb4 33. a3 bxa3 34. Bxa3 Rc2
35. Rxc2 Rxc2 36. h4 Ke8 37. Rb3 Kd8 38. Bd6 Rc8 39. Ke2 Ne7 40. Kd3 Ra8 41. Rb5
Nc6 42. Bc5 Kc7 43. Bd6+ Kc8 44. Rb6 Ra7 45. Kc3 Rb7 46. Ra6 Ra7 47. Rxa7 Nxa7
48. Kc4 Nc6 49. b4 Kb7 50. Kc5 Nd8 51. Be7 Nc6 52. Kd6 Kc8 53. b5 Nd4 54. b6 Ne2
55. b7+ Kxb7 56. Kxd7 Nxg3 57. Kxe6 Kc6 58. Kf7 Kd7 59. e6+ Kc6 60. Bb4 Ne2 61.
e7 1-0

[Event "XXV Miedzynarodowy Festiwal Szachowy w Poznaniu - OPEN A"]
[Site "Poznan"]
[Date "2017.08.21"]
[Round "3.15"]
[White "Banach, Szymon "]
[Black "Wojdak, Jan"]
[Result "1-0"]
[WhiteTitle ""]
[BlackTitle ""]
[WhiteElo "2040"]
[BlackElo "1624"]

1. e4 c5 2. Nc3 Nc6 3. f4 g6 4. Nf3 Bg7 5. Bc4 e6 6. f5 Nd4 7. O-O gxf5 8. Nxd4
cxd4 9. Nb5 Qb6 10. Qf3 a6 11. Qg3 Kf8 12. Nc7 Ra7 13. exf5 Nf6 14. fxe6 dxe6
15. Qa3+ Kg8 16. Qe7 Bf8 17. Qxf6 Qxc7 18. Rf3 Bd6 19. d3 Bxh2+ 20. Kh1 h5 21.
Bh6 Rxh6 22. Qxh6 b5 23. Qg5+ Kf8 24. Bb3 Bb7 25. Rf6 Be5 26. Rxe6 Bxg2+ 27. Kxg2
Qb7+ 28. Kg1 f6 29. Rxf6+ 1-0

[Event "XXV Miedzynarodowy Festiwal Szachowy w Poznaniu - OPEN A"]
[Site "Poznan"]
[Date "2017.08.21"]
[Round "3.16"]
[White "Nun, Grzegorz"]
[Black "Nowak, Rafal "]
[Result "0-1"]
[WhiteTitle ""]
[BlackTitle ""]
[WhiteElo "1829"]
[BlackElo "1996"]

1. e4 c5 2. Nf3 e6 3. d3 Nc6 4. g3 Qc7 5. Bg2 Nf6 6. O-O Be7 7. Nbd2 O-O 8. c3
d5 9. Qe2 Re8 10. e5 Nd7 11. Re1 b5 12. Nf1 b4 13. h4 Rb8 14. c4 dxc4 15. dxc4
b3 16. Bf4 a5 17. a3 Ba6 18. Rac1 Nb6 19. N3d2 Nd4 20. Qg4 Kh8 21. Ne3 Bb7 22.
Ne4 Rg8 23. Qh5 g6 24. Qg4 h5 25. Qh3 Kg7 26. g4 Rh8 27. g5 Rhd8 28. Nd6 Bxg2
29. Qxg2 Nc8 30. Ne4 Qb7 31. f3 Nb6 32. Rf1 Na4 33. Rf2 Nb6 34. Kh2 Qc6 35. Kh3
Rb7 36. Rd1 Rbd7 37. Rfd2 Kh8 38. Qf1 Nf5 39. Rxd7 Rxd7 40. Nxf5 exf5 41. Rxd7
Qxd7 42. Nd6 Qe6 43. Qd3 a4 44. Kg2 Kg8 45. Qc3 Bf8 46. Bg3 Bg7 47. f4 0-1

[Event "XXV Miedzynarodowy Festiwal Szachowy w Poznaniu - OPEN A"]
[Site "Poznan"]
[Date "2017.08.21"]
[Round "3.17"]
[White "Kwiatkowski, Jacek "]
[Black "Kozlowska, Marzena "]
[Result "1/2-1/2"]
[WhiteTitle ""]
[BlackTitle ""]
[WhiteElo "1751"]
[BlackElo "1970"]

1. d4 d5 2. Nf3 g6 3. Bf4 Bg7 4. e3 Nf6 5. h3 O-O 6. Be2 Nbd7 7. O-O c5 8. c3 b6
9. Nbd2 Bb7 10. Qa4 Qc7 11. Rac1 a6 12. c4 b5 13. Qc2 b4 14. Rfe1 Qb6 15. cxd5
1/2-1/2

[Event "XXV Miedzynarodowy Festiwal Szachowy w Poznaniu - OPEN A"]
[Site "Poznan"]
[Date "2017.08.21"]
[Round "3.18"]
[White "Rozumek, Krzysztof "]
[Black "Wawrzyniak, Pawel"]
[Result "1/2-1/2"]
[WhiteTitle ""]
[BlackTitle ""]
[WhiteElo "1952"]
[BlackElo "1749"]

1. d4 d5 2. Bf4 Nf6 3. c3 c5 4. e3 Nc6 5. Nf3 Qb6 6. Qb3 c4 7. Qxb6 axb6 8. Nbd2
b5 9. Ne5 b4 10. Nxc6 bxc6 11. f3 Bf5 12. Kd1 e6 13. cxb4 Bxb4 14. a4 O-O 15.
h4 h5 16. Be2 Ra7 17. Kc1 Rfa8 18. Bd1 Nd7 19. Nb1 Nb6 20. Nc3 Bxc3 21. bxc3 Nxa4
22. Rxa4 Rxa4 23. Bxa4 Rxa4 24. Kb2 Ra7 25. Bd6 Rb7+ 26. Bb4 Ra7 27. Rg1 Bd3 28.
Rd1 Ra6 29. Rd2 f5 30. g3 Kf7 31. Rg2 Ra8 32. Rg1 Be2 33. f4 Bd3 1/2-1/2

[Event "XXV Miedzynarodowy Festiwal Szachowy w Poznaniu - OPEN A"]
[Site "Poznan"]
[Date "2017.08.21"]
[Round "3.19"]
[White "Litke, Slawomir"]
[Black "Nadstoga, Wojciech "]
[Result "0-1"]
[WhiteTitle ""]
[BlackTitle ""]
[WhiteElo "1730"]
[BlackElo "1926"]

1. e4 d6 2. d4 g6 3. Be2 Bg7 4. Nc3 Nf6 5. h4 h5 6. Nh3 Bxh3 7. Rxh3 c5 8. d5 Na6
9. Bg5 Nd7 10. g4 hxg4 11. Bxg4 Ne5 12. Be2 Qa5 13. Kf1 Qc7 14. Nb5 Qd7 15. Kg2
Nc7 16. a4 a6 17. Na3 b5 18. axb5 axb5 19. Nxb5 O-O 20. Nxc7 Qxc7 21. h5 Rab8
22. h6 Bf6 23. Bxf6 exf6 24. h7+ Kh8 25. b3 g5 26. Ra4 Ng6 27. Kh1 Nf4 28. Rh2
Qe7 29. Bg4 Qe5 30. Bd7 Rb4 31. f3 Rbb8 32. Qa1 Ng6 33. Ra8 Nh4 34. Rxb8 Rxb8
35. Rf2 Qxa1+ 0-1

[Event "XXV Miedzynarodowy Festiwal Szachowy w Poznaniu - OPEN A"]
[Site "Poznan"]
[Date "2017.08.21"]
[Round "3.20"]
[White "Kupsik, Joanna "]
[Black "Sobczak, Miroslaw"]
[Result "0-1"]
[WhiteTitle ""]
[BlackTitle ""]
[WhiteElo "1703"]
[BlackElo "1925"]

1. e4 d5 2. exd5 Qxd5 3. Nf3 Nf6 4. Nc3 Qa5 5. Be2 Bg4 6. O-O e6 7. Nd4 Bxe2 8.
Qxe2 Bd6 9. Ne4 Bxh2+ 10. Kxh2 Qe5+ 11. g3 Qxe4 12. Qxe4 Nxe4 13. d3 Nd6 14. Bf4
Na6 15. Kg2 Kd7 16. Rfe1 Rae8 17. Re2 f6 18. Bxd6 cxd6 19. Rae1 e5 20. Nf5 g6
21. Ne3 Nc7 22. Ng4 Ke6 23. f3 h5 24. Nf2 h4 25. g4 Nd5 26. Nh3 g5 27. c3 Kd7
28. Re4 Nf4+ 29. Nxf4 exf4 30. Kf2 d5 31. R4e2 Rxe2+ 32. Rxe2 Re8 33. Rd2 Re3
34. d4 Ke6 35. Rd1 f5 36. Rg1 b5 37. a3 fxg4 38. Rxg4 Kf5 39. Rg1 a5 40. Rc1 g4
41. fxg4+ Kxg4 42. Rg1+ Rg3 43. Rh1 Rf3+ 44. Ke2 h3 45. Rh2 b4 46. cxb4 axb4 47.
a4 Rb3 48. Kf1 Kg3 0-1

[Event "XXV Miedzynarodowy Festiwal Szachowy w Poznaniu - OPEN A"]
[Site "Poznan"]
[Date "2017.08.21"]
[Round "3.21"]
[White "Niemier, Hubert"]
[Black "Mocny, Tomasz"]
[Result "1-0"]
[WhiteTitle ""]
[BlackTitle ""]
[WhiteElo "1924"]
[BlackElo "1731"]

1. d4 Nf6 2. c4 e6 3. Nc3 d5 4. Bg5 Bb4 5. e3 O-O 6. Bd3 c5 7. Nge2 Nc6 8. O-O
a6 9. a3 Bxc3 10. bxc3 dxc4 11. Bxc4 h6 12. Bh4 g5 13. Bg3 Ne4 14. f3 Nd6 15.
Ba2 Nf5 16. Bf2 Qc7 17. e4 Nfe7 18. d5 exd5 19. exd5 Rd8 20. Bxc5 Ne5 21. Bxe7
Qxe7 22. Qb3 b5 23. Rad1 Nc4 24. Ng3 Qc5+ 25. Rf2 Rxd5 26. Ne4 Rxd1+ 27. Qxd1
Qxa3 28. Bxc4 bxc4 29. Nf6+ Kg7 30. Qd4 Rb8 31. Nh5+ Kg6 32. Qf6+ Kxh5 33. Qxf7+
Kh4 34. g3+ 1-0

[Event "XXV Miedzynarodowy Festiwal Szachowy w Poznaniu - OPEN A"]
[Site "Poznan"]
[Date "2017.08.21"]
[Round "3.22"]
[White "Zurawski, Kamil"]
[Black "Kozlowski, Tomasz"]
[Result "0-1"]
[WhiteTitle ""]
[BlackTitle ""]
[WhiteElo "1665"]
[BlackElo "1918"]

1. e4 c6 2. d4 d5 3. exd5 cxd5 4. c4 Nf6 5. Nc3 e6 6. Nf3 Be7 7. c5 O-O 8. Bf4
Ne4 9. Qc2 f5 10. Be2 g5 11. Be5 Nc6 12. O-O g4 13. Nxe4 gxf3 14. gxf3 dxe4 15.
fxe4 Nxe5 16. dxe5 Qd4 17. exf5 Rxf5 18. Bd3 Qg4+ 0-1

[Event "XXV Miedzynarodowy Festiwal Szachowy w Poznaniu - OPEN A"]
[Site "Poznan"]
[Date "2017.08.21"]
[Round "3.23"]
[White "Stachowiak, Slawomir "]
[Black "Stochnialek, Dominika"]
[Result "1-0"]
[WhiteTitle ""]
[BlackTitle ""]
[WhiteElo "1915"]
[BlackElo "1719"]

1. e4 e6 2. d4 d5 3. Nc3 Nf6 4. e5 Nfd7 5. Nf3 c5 6. Bb5 Nc6 7. Bxc6 bxc6 8. O-O
cxd4 9. Qxd4 Qc7 10. Re1 g6 11. Qh4 h5 12. Bf4 Be7 13. Bg5 Bxg5 14. Qxg5 h4 15.
b4 Rh5 16. Qe3 Rb8 17. Rab1 a6 18. Na4 a5 19. a3 Ba6 20. Nc5 Bc4 21. Nxd7 Qxd7
22. bxa5 Ra8 23. Qb6 Ra6 24. Qc5 Qe7 25. Rb8+ 1-0

[Event "XXV Miedzynarodowy Festiwal Szachowy w Poznaniu - OPEN A"]
[Site "Poznan"]
[Date "2017.08.21"]
[Round "3.24"]
[White "Niedbala, Wojciech "]
[Black "Janicki, Rafal "]
[Result "1-0"]
[WhiteTitle ""]
[BlackTitle ""]
[WhiteElo "1908"]
[BlackElo "1692"]

1. Nf3 c5 2. e4 Nc6 3. b3 e5 4. Bb2 d6 5. Be2 Nf6 6. d3 Be7 7. O-O O-O 8. Nbd2
Qc7 9. Nc4 Be6 10. Ne3 Nd4 11. c3 Nxe2+ 12. Qxe2 h6 13. c4 Rab8 14. Nd2 Nd7 15.
Nb1 Bg5 16. Nc3 a6 17. Ncd5 Qd8 18. g3 Bxe3 19. Nxe3 Qg5 20. Kh1 h5 21. f4 Bg4
22. Qg2 Qh6 23. Bc1 exf4 24. gxf4 Qf6 25. Bb2 Qh4 26. Nf5 Qh3 27. Qxh3 Bxh3 28.
Rg1 f6 29. Rxg7+ Kh8 30. Rxd7 Bxf5 31. exf5 1-0

[Event "XXV Miedzynarodowy Festiwal Szachowy w Poznaniu - OPEN A"]
[Site "Poznan"]
[Date "2017.08.21"]
[Round "3.25"]
[White "Godek, Martyna "]
[Black "Duszczak, Dariusz"]
[Result "0-1"]
[WhiteTitle ""]
[BlackTitle ""]
[WhiteElo "1634"]
[BlackElo "1892"]

1. e4 d5 2. exd5 Qxd5 3. Nc3 Qa5 4. d4 Nf6 5. Bd2 c6 6. Nf3 Bf5 7. Bc4 Qc7 8. Ne5
e6 9. Bf4 Bd6 10. Bg3 Nbd7 11. Nxd7 Qxd7 12. O-O Bxg3 13. fxg3 O-O-O 14. Ne2 h5
15. c3 h4 16. gxh4 Rxh4 17. g3 Rh6 18. Nf4 Ng4 19. h4 Ne3 20. Qe2 Nxf1 21. Rxf1
Qd6 22. b4 Rdh8 23. b5 g5 24. bxc6 gxf4 25. cxb7+ Kb8 26. Rxf4 Rg8 27. Qe3 Rxh4
28. Rxh4 Rxg3+ 29. Kf2 Rxe3 30. Rh8+ Kxb7 31. Kxe3 Qg3+ 32. Kd2 Qf2+ 33. Kd1 Qc2+
34. Ke1 Qxc3+ 0-1

[Event "XXV Miedzynarodowy Festiwal Szachowy w Poznaniu - OPEN A"]
[Site "Poznan"]
[Date "2017.08.21"]
[Round "3.26"]
[White "Kaluzny, Tomasz"]
[Black "Kukorowski, Jan"]
[Result "1/2-1/2"]
[WhiteTitle ""]
[BlackTitle ""]
[WhiteElo "1890"]
[BlackElo "1670"]

1. c4 e5 2. Nc3 Bb4 3. g3 Nf6 4. Bg2 Bxc3 5. bxc3 O-O 6. e4 c6 7. Ne2 d5 8. cxd5
cxd5 9. exd5 Nxd5 10. O-O Nc6 11. f4 Bg4 12. fxe5 Nxc3 13. dxc3 Qxd1 14. Rxd1
Bxe2 15. Rd7 Nxe5 16. Rxb7 Bf3 17. Bxf3 Nxf3+ 18. Kg2 Ne1+ 19. Kf1 Rfe8 20. Bf4
Nd3 21. Rd1 Nxf4 22. gxf4 Rab8 23. Rdd7 Rxb7 24. Rxb7 g6 25. a4 Rc8 26. Rxa7 Rxc3
27. Kf2 Kg7 28. a5 h5 29. a6 h4 30. Re7 Ra3 31. a7 h3 32. Re3 Rxa7 33. Rxh3 Kf6
34. Rb3 1/2-1/2

[Event "XXV Miedzynarodowy Festiwal Szachowy w Poznaniu - OPEN A"]
[Site "Poznan"]
[Date "2017.08.21"]
[Round "3.27"]
[White "Wolniaczyk, Daria"]
[Black "Glatty, Zbigniew "]
[Result "0-1"]
[WhiteTitle ""]
[BlackTitle ""]
[WhiteElo "1629"]
[BlackElo "1879"]

1. e4 e5 2. Nf3 Nc6 3. Bc4 Bc5 4. c3 Nf6 5. d4 exd4 6. cxd4 Bb4+ 7. Bd2 Bxd2+ 8.
Nbxd2 d5 9. exd5 Nxd5 10. h3 O-O 11. O-O Bf5 12. Re1 Nb6 13. d5 Nxd5 14. a3 Nf4
15. b4 Nd3 16. Re3 Re8 17. Qb3 Rxe3 18. Bxf7+ Kf8 19. fxe3 Qf6 20. Rf1 Qxf7 21.
Qc3 Qf6 22. Qc4 Nb2 23. Qc5+ Kg8 24. e4 Bg6 25. Ng5 Qd4+ 26. Qxd4 Nxd4 27. g4
Rf8 28. Rb1 Nd3 29. h4 Ne2+ 30. Kg2 Rf2+ 31. Kh1 Ng3+ 0-1

[Event "XXV Miedzynarodowy Festiwal Szachowy w Poznaniu - OPEN A"]
[Site "Poznan"]
[Date "2017.08.21"]
[Round "3.28"]
[White "Hoffmann, Kacper "]
[Black "Zielinski, Olgierd "]
[Result "1/2-1/2"]
[WhiteTitle ""]
[BlackTitle ""]
[WhiteElo "1588"]
[BlackElo "1869"]

1. d4 d5 2. c4 dxc4 3. Nc3 a6 4. a4 Nc6 5. e3 Na5 6. Nf3 c6 7. Bd2 e6 8. Be2 Nf6
9. O-O Bb4 10. Ne5 Bxc3 11. Bxc3 Nb3 12. Ra3 b5 13. axb5 cxb5 14. Nxc4 bxc4 15.
Bxc4 Nxd4 16. Bxd4 O-O 17. Qe2 a5 18. Qf3 Ba6 19. Bxa6 Rxa6 20. Bxf6 Qxf6 21.
Qxf6 gxf6 22. Rfa1 Rb8 23. Rxa5 Rxa5 24. Rxa5 Rxb2 25. Kf1 Kg7 26. g3 Kg6 27.
Kg2 h5 28. Kf3 f5 29. Ra8 Kg7 30. Rc8 Ra2 31. Rb8 Ra4 32. h4 Ra2 33. Re8 Rb2 34.
Rc8 Ra2 35. Rb8 Rc2 36. Ra8 Rb2 37. Rc8 Ra2 38. Rb8 Rc2 39. Ra8 Rb2 1/2-1/2

[Event "XXV Miedzynarodowy Festiwal Szachowy w Poznaniu - OPEN A"]
[Site "Poznan"]
[Date "2017.08.21"]
[Round "3.29"]
[White "Wojciechowski, Antoni"]
[Black "Wilk, Oktawia"]
[Result "1-0"]
[WhiteTitle ""]
[BlackTitle ""]
[WhiteElo "1581"]
[BlackElo "1848"]

1. Nf3 d5 2. g3 Bg4 3. Bg2 Nf6 4. O-O c5 5. d3 Nc6 6. Nbd2 e5 7. e4 dxe4 8. dxe4
Qd7 9. c3 Rd8 10. Qc2 Qd3 11. Qb3 Rd7 12. Qc4 b5 13. Qxd3 Rxd3 14. Ne1 Rd8 15.
f3 Be6 16. b3 b4 17. c4 Nd4 18. Rf2 g6 19. Nf1 h5 20. Bg5 Be7 21. Ne3 Rd7 22.
Bxf6 Bxf6 23. Nd5 Bg5 24. Nc2 f5 25. h4 Bd8 26. Nxd4 exd4 27. Bh3 Bxd5 28. cxd5
O-O 29. Rc1 Bb6 30. Re2 c4 31. bxc4 d3+ 32. c5 Bxc5+ 33. Rxc5 dxe2 34. Kf2 Re7
35. Kxe2 Rd8 36. Rb5 Kg7 37. Kd3 Rd6 38. Rxb4 Kf6 39. Kd4 Ra6 40. a4 Rb6 41. Rb5
Rxb5 42. axb5 Rb7 43. e5+ Ke7 44. Bf1 Kd7 45. d6 Rb6 46. Bc4 Ke8 47. Kc5 Kf8 48.
Bd5 Ke8 49. Bc6+ Kf7 50. Kd5 Rb8 51. e6+ Kf6 52. e7 Kf7 53. e8=Q+ Rxe8 54. Bxe8+
Kxe8 55. Kc6 Kd8 56. Kb7 1-0